Personalidad y conducta del niño: los padres frente a los problemas de la educación, el desarrollo y la salud psíquica del niño

保存先:
書誌詳細
第一著者: Reca, Telma (著者)
フォーマット: 図書
言語:スペイン語
出版事項: Buenos Aires El Ateneo 1969
版:8a. ed
主題:
タグ: タグ追加
タグなし, このレコードへの初めてのタグを付けませんか!

MARC

LEADER 00000nam a2200000 a 4500
001 UCY8078
003 CL-VaPUC
008 950623e19690000AG |||||||||||||||||spa|d
082 0 4 |a 155.4  |b REC  |2 21 
100 0 |a Reca, Telma  |e author  |9 339179 
245 1 0 |a Personalidad y conducta del niño: los padres frente a los problemas de la educación, el desarrollo y la salud psíquica del niño 
250 |a 8a. ed 
300 |a 174 p 
942 |c BK 
945 |d 19950623 00:00:00  |a cmena 
260 |a Buenos Aires  |b El Ateneo  |c 1969 
650 0 |a Psicología del niño  |9 307305 
650 7 |a DESARROLLO DE LA PERSONALIDAD  |2 CL-VaPUC  |9 311216 
650 0 |a Desarrollo individual   |9 307875 
650 0 |a Salud mental  |9 308393 
650 0 |a Educación sexual  |9 308005 
650 0 |a Trastornos de la personalidad   |9 307698 
650 0 |a Trastornos del aprendizaje  |9 307969 
650 0 |a Trastornos del comportamiento  |9 311363 
650 0 |a Influencia social  |9 309315 
650 7 |a INFLUENCIA FAMILIAR  |2 CL-VaPUC  |9 335148 
583 |a last modification  |c 19950623 00:00:00  |k Rodrigo Vera 
999 |c 235358  |d 235356 
952 |0 0  |1 0  |4 0  |6 155_400000000000000_REC_1969  |7 0  |8 P  |9 242729  |a BIBEDU  |b BIBEDU  |c BIBEDU_PB  |d 2019-11-18  |i 1522167  |o 155.4 REC 1969  |p 1522167  |r 2024-01-25  |w 2019-11-18  |y BK  |k EDU